| 000 | 00573nam a22001817a 4500 | ||
|---|---|---|---|
| 999 |
_c188796 _d188796 |
||
| 005 | 20220603145113.0 | ||
| 010 | _aENG-132994 | ||
| 020 |
_a9789352032976 _c475.00 |
||
| 035 | _aEN-116526 | ||
| 037 | _bDBAD/PUB | ||
| 082 | _a000 | ||
| 100 | _aSingh, Ajay | ||
| 245 |
_aVerbal Ability & Reading Comprehension CAT, MAT, XAT, IIFT and SNAP/ _cAjay Singh |
||
| 260 |
_aNew Delhi _bArihant Publications Ltd. _c2020 |
||
| 270 |
_aRamchhaya 4577/15, Agarwal Road, Darya Ganj _bNew Delhi _e110002 |
||
| 300 |
_a700p. _c27cm(pbk) |
||
| 942 |
_2ddc _cEN _mAJA _h000 |
||